Southville International School and Colleges
Your cart is empty.
  • Cart
  • Lists
    Public lists Eva Luna New books Lux_list list_1
    Your lists Log in to create your own lists
  • Log in to your account
  • Your cookies
  • Search history
Southville International School and Colleges
  • Advanced search
  • Recent comments
  • Most popular
  • Libraries

Log in to your account

Log in with GOOGLE


If you do not have an external account, but do have a local account, you can still log in:

  1. Home
  2. MARC view: I'm fire fighter /
Normal view MARC view ISBD view

I'm fire fighter / (Record no. 111518)

[ view plain ]
MARC details
000 -LEADER
fixed length control field 00640nam a2200229 a 4500
001 - CONTROL NUMBER
control field 2964
005 - DATE AND TIME OF LATEST TRANSACTION
control field 20140414131917.0
008 - FIXED-LENGTH DATA ELEMENTS--GENERAL INFORMATION
fixed length control field 051130s19uu xx 00 eng d
020 ## - INTERNATIONAL STANDARD BOOK NUMBER
International Standard Book Number 0-439-59431-6
050 ## - LIBRARY OF CONGRESS CALL NUMBER
Classification number ER
Item number Im1 1995
100 ## - MAIN ENTRY--PERSONAL NAME
Personal name Packard, Mary
245 ## - TITLE STATEMENT
Title I'm fire fighter /
Statement of responsibility, etc by Mary Packard ; illustrated by Julie Durrell.
260 ## - PUBLICATION, DISTRIBUTION, ETC. (IMPRINT)
Place of publication, distribution, etc New York :
Name of publisher, distributor, etc Scholastic,
Date of publication, distribution, etc 1995.
300 ## - PHYSICAL DESCRIPTION
Extent 1 v. p. : ill. ; cm.
440 ## - SERIES STATEMENT/ADDED ENTRY--TITLE
Title Scholastic reader, level 1
500 ## - GENERAL NOTE
General note "Cartwheel Books"
650 ## - SUBJECT ADDED ENTRY--TOPICAL TERM
Topical term or geographic name as entry element Fire truck
General subdivision Fiction.
650 ## - SUBJECT ADDED ENTRY--TOPICAL TERM
Topical term or geographic name as entry element Fireman
General subdivision Fiction.
650 ## - SUBJECT ADDED ENTRY--TOPICAL TERM
Topical term or geographic name as entry element Children stories.
Holdings
Withdrawn status Lost status Damaged status Use restrictions Home library Current library Shelving location Date acquired Source of acquisition Cost, normal purchase price Total Checkouts Full call number Barcode Date last seen Price effective from Koha item type
        Munich Library Munich Library Easy Reading Section 11/30/2005   125.00   ER Im1 1995 M2272 04/14/2014 04/14/2014 Books
        Munich Library Munich Library Easy Reading Section 02/01/2006   125.00   ER Im1 1995 M2271 04/14/2014 04/14/2014 Books

I'm fire fighter /

APA

Packard M., . (1995). I'm fire fighter. New York: Scholastic.

Chicago

Packard Mary, . 1995. I'm fire fighter. New York: Scholastic.

Harvard

Packard M., . (1995). I'm fire fighter. New York: Scholastic.

MLA

Packard Mary, . I'm fire fighter. New York: Scholastic. 1995.

  • Place hold
  • Print
  • Cite
  • Add to your cart (remove)
  • Save record
    BIBTEX Dublin Core MARCXML MARC (non-Unicode/MARC-8) MARC (Unicode/UTF-8) MARC (Unicode/UTF-8, Standard) MODS (XML) RIS
  • More searches
    Search for this title in:
    Other Libraries (WorldCat) Other Databases (Google Scholar) Online Stores (Bookfinder.com) Open Library (openlibrary.org)

Exporting to Dublin Core...

SOUTHVILLE LIBRARY

Southville International School and Colleges Library

1281 Tropical Ave. Cor. Luxembourg St., BF Homes International, Las Pinas City

Tel. No. 8256374 / 252358 Loc. 117/146

Powered by Koha